[Event "Sparkassen Open A"]
[Site "Dortmund GER"]
[Date "2012.07.14"]
[Round "1.1"]
[White "Zaitsev, Mikhail"]
[Black "Lenaerts, Lennert"]
[Result "1-0"]
[WhiteTitle "IM"]
[WhiteElo "2505"]
[BlackElo "2044"]
[WhiteFideId "4127560"]
[BlackFideId "211435"]
[EventDate "2012.07.14"]

1. e4 Nf6 2. d3 d6 3. f4 g6 4. Nf3 Bg7 5. g3 O-O 6. Bg2 Nc6 7. O-O e5 8. Nc3 Be6
9. Qe1 Qc8 10. Be3 a6 11. Rd1 Ng4 12. Bc1 Nf6 13. Rd2 exf4 14. gxf4 Nh5 15. f5
Bd7 16. Nd5 Nf6 17. Qh4 Qd8 18. Rdf2 Nxd5 19. exd5 Nd4 20. Ng5 h6 21. f6 Nf5 22.
Rxf5 Bxf5 23. fxg7 Kxg7 24. Qd4+ Qf6 25. Qxf6+ Kxf6 26. Nh7+ Kg7 27. Nxf8 Rxf8
28. Re1 g5 29. Bd2 f6 30. Bf3 Bg6 31. Bc3 h5 32. Re7+ Rf7 33. Re8 b6 34. b4 g4
35. Be4 Kh7 36. Kf2 a5 37. bxa5 bxa5 38. Kg3 Kh6 39. Bxg6 Kxg6 40. Bxa5 1-0

[Event "Sparkassen Open A"]
[Site "Dortmund GER"]
[Date "2012.07.14"]
[Round "1.2"]
[White "Butschek, Tanja"]
[Black "Podzielny, Karl-Heinz"]
[Result "0-1"]
[BlackTitle "IM"]
[WhiteElo "2043"]
[BlackElo "2438"]
[WhiteFideId "24604640"]
[BlackFideId "4600215"]
[EventDate "2012.07.14"]

1. e4 c5 2. Nf3 e6 3. d4 cxd4 4. Nxd4 a6 5. Bd3 Nf6 6. O-O Qc7 7. c4 d6 8. b3 g6
9. Bb2 Bg7 10. Nd2 O-O 11. Nc2 Nbd7 12. Ne3 b6 13. Qe2 Bb7 14. Rac1 Rfe8 15. f4
Nc5 16. e5 dxe5 17. fxe5 Nxd3 18. Qxd3 Rad8 19. Nd5 exd5 20. exf6 Bh6 21. Rce1
Qc5+ 22. Bd4 dxc4 23. Rxe8+ Rxe8 24. Nxc4 Qd5 25. Qg3 Qxd4+ 26. Kh1 Bf4 27. Re1
Rxe1+ 28. Qxe1 Qxf6 29. Qf2 Qa1+ 30. Qg1 Qxg1+ 31. Kxg1 b5 0-1

[Event "Sparkassen Open A"]
[Site "Dortmund GER"]
[Date "2012.07.14"]
[Round "1.3"]
[White "Jesse, Ingemars"]
[Black "Wernert, Bruno"]
[Result "1-0"]
[WhiteElo "2349"]
[BlackElo "2040"]
[WhiteFideId "11602724"]
[BlackFideId "623288"]
[EventDate "2012.07.14"]

1. c4 b6 2. Nc3 Bb7 3. e4 e6 4. g3 f5 5. Bg2 Bb4 6. Nge2 Nf6 7. d3 O-O 8. O-O d6
9. Nd4 Qc8 10. exf5 Bxg2 11. Kxg2 Bxc3 12. bxc3 exf5 13. Qf3 Na6 14. Qxf5 Nc5
15. Qxc8 Raxc8 16. Nc6 Rce8 17. d4 Na4 18. Nxa7 Re2 19. Nb5 Ng4 20. Bf4 Rc2 21.
h3 Rxf4 22. hxg4 Rf7 23. Rae1 Nxc3 24. Re8+ Rf8 25. Rxf8+ Kxf8 26. Nxc7 Nxa2 27.
Ne6+ Kf7 28. Re1 Rxc4 29. Ng5+ Kg6 30. f4 h6 1-0

[Event "Sparkassen Open A"]
[Site "Dortmund GER"]
[Date "2012.07.14"]
[Round "1.4"]
[White "Maniocha, Marek"]
[Black "Schulze, Torben"]
[Result "0-1"]
[WhiteElo "2035"]
[BlackElo "2309"]
[WhiteFideId "4636821"]
[BlackFideId "24630560"]
[EventDate "2012.07.14"]

1. c4 e5 2. Nc3 Bb4 3. Nf3 Bxc3 4. bxc3 d6 5. g3 f5 6. d3 Nf6 7. Bg2 O-O 8. c5
e4 9. dxe4 fxe4 10. Ng5 d5 11. O-O Qe7 12. Qb3 Kh8 13. c6 bxc6 14. Ba3 c5 15.
Qb5 Nfd7 16. h4 Ba6 17. Qa5 Qd6 18. Bh3 Bxe2 19. Rfe1 Nc6 20. Qa4 Nb6 21. Qb3
Bc4 22. Qd1 Ne5 23. Qh5 Nf3+ 24. Nxf3 Rxf3 25. Bg2 Rxc3 26. Bb2 Rc2 27. Rxe4 Rf8
28. Be5 Qg6 29. Rf4 Rxf4 30. Qxg6 hxg6 31. Bxf4 Rxa2 32. Re1 Re2 33. Ra1 Ra2 34.
Re1 Be2 35. Bxc7 d4 36. Be4 d3 37. Bf4 d2 38. Bxd2 Rxd2 39. Kg2 Rb2 40. Ra1 a6
41. Bxg6 Kg8 42. Ra3 Bb5 43. Re3 Re2 44. Rc3 c4 45. Kf3 Re6 46. Be4 Kf7 47. Kf4
Ke7 48. g4 Kd6 49. g5 Nd5+ 50. Bxd5 Kxd5 51. h5 Kd4 52. Re3 Bd7 53. h6 g6 0-1

[Event "Sparkassen Open A"]
[Site "Dortmund GER"]
[Date "2012.07.14"]
[Round "1.5"]
[White "Torres-Kuckel, Rafael"]
[Black "Rodemann, Edmund"]
[Result "1/2-1/2"]
[WhiteTitle "FM"]
[WhiteElo "2306"]
[BlackElo "2033"]
[WhiteFideId "4625072"]
[BlackFideId "4634462"]
[EventDate "2012.07.14"]

1. e4 c6 2. c4 d5 3. exd5 cxd5 4. cxd5 Nf6 5. Bb5+ Nbd7 6. Nc3 g6 7. Qb3 Bg7 8.
Bc4 O-O 9. Nf3 Nc5 10. Qa3 b6 11. O-O Bb7 12. Re1 Nxd5 13. Nxd5 Bxd5 14. Bxd5
Qxd5 15. d4 Ne6 16. Be3 Qd6 17. Qxd6 exd6 18. Rac1 Rac8 19. b3 h6 20. Kf1 Rfe8
21. b4 d5 22. Ne5 Bxe5 23. dxe5 Kg7 24. f4 Rc4 25. Rxc4 dxc4 26. g4 f6 27. f5
gxf5 28. gxf5 Nc7 29. Bd4 Rd8 30. exf6+ Kf8 31. Be5 Nd5 32. b5 Kf7 33. Rc1 Rc8 1/2-1/2

[Event "Sparkassen Open A"]
[Site "Dortmund GER"]
[Date "2012.07.14"]
[Round "1.6"]
[White "Hobusch, Jan"]
[Black "Piepho, Niels"]
[Result "1/2-1/2"]
[WhiteElo "2027"]
[BlackElo "2301"]
[WhiteFideId "12907634"]
[BlackFideId "4624262"]
[EventDate "2012.07.14"]

1. d4 g6 2. Nf3 Bg7 3. Bf4 Nf6 4. e3 d6 5. h3 Nbd7 6. Be2 O-O 7. O-O c5 8. c3 a6
9. a4 b6 10. Nbd2 Bb7 11. Bh2 Qc7 12. Qb1 Rac8 13. Rc1 Qb8 14. Qa2 Qa8 15. Qa3
Ne4 16. Nxe4 Bxe4 17. Qb3 Qb7 18. Qd1 c4 19. Qf1 b5 20. Nd2 Bc6 21. b3 d5 22.
bxc4 dxc4 23. Rcb1 Nb6 24. axb5 axb5 25. Bf3 Bxf3 26. Nxf3 Nd5 27. Qe1 Ra8 28.
Rxa8 Rxa8 29. e4 Nf6 30. Nd2 Qc6 31. Be5 Nd7 32. Bxg7 Kxg7 33. Qc1 Ra2 34. Rb2
Ra5 35. Qc2 Ra3 36. Ra2 Qa6 37. Rxa3 Qxa3 38. Kf1 Nb6 39. Ke2 b4 40. Nb1 Qa5 41.
cxb4 Qxb4 42. Nc3 e6 1/2-1/2

[Event "Sparkassen Open A"]
[Site "Dortmund GER"]
[Date "2012.07.14"]
[Round "1.7"]
[White "Scheider, Julian"]
[Black "Giraud, Valerian"]
[Result "1-0"]
[WhiteElo "2290"]
[BlackElo "2024"]
[WhiteFideId "24601284"]
[BlackFideId "12920355"]
[EventDate "2012.07.14"]

1. e4 e6 2. d4 d5 3. Nc3 Bb4 4. e5 c5 5. a3 Bxc3+ 6. bxc3 Ne7 7. Qg4 O-O 8. Bd3
Qa5 9. Bd2 Nbc6 10. Nf3 f5 11. exf6 Rxf6 12. Qh5 Nf5 13. g4 c4 14. gxf5 cxd3 15.
Rg1 Bd7 16. Qg5 Rf7 17. f6 g6 18. Nh4 Kf8 19. Nxg6+ hxg6 20. Qxg6 Ke8 21. Qh5
Ne7 22. Rg7 1-0

[Event "Sparkassen Open A"]
[Site "Dortmund GER"]
[Date "2012.07.14"]
[Round "1.8"]
[White "Hartung, Thomas2"]
[Black "Zuse, Klaus-Peter"]
[Result "1/2-1/2"]
[BlackTitle "FM"]
[WhiteElo "2013"]
[BlackElo "2278"]
[WhiteFideId "4639146"]
[BlackFideId "4605306"]
[EventDate "2012.07.14"]

1. e4 c5 2. Nf3 d6 3. d4 cxd4 4. Nxd4 Nf6 5. Nc3 a6 6. Bg5 e6 7. f4 Qc7 8. Qf3
b5 9. O-O-O b4 10. Nce2 Nbd7 11. g4 Bb7 12. Ng3 Nc5 13. Bxf6 gxf6 14. Kb1 O-O-O
15. Bg2 Kb8 16. Rhe1 Be7 17. c3 bxc3 18. Qxc3 Rhg8 19. Bf3 Qb6 20. Re3 Rc8 21.
Qd2 Rc7 22. Nb3 Rgc8 23. Nxc5 Rxc5 24. Rb3 Qc7 25. Ne2 Rc2 26. Qd3 Qc4 27. Rc3
Qxd3 28. Rxc8+ Rxc8+ 29. Rxd3 Rc4 30. Nc3 Kc7 31. b3 Rc5 32. Na4 Rc6 33. e5 d5
34. exf6 Bxf6 35. g5 Be7 36. Bh5 f6 37. gxf6 Bxf6 38. Be8 Rd6 39. Rh3 Kd8 40.
Bf7 e5 41. fxe5 Bxe5 42. Rxh7 Bc8 43. Rh5 Bf4 44. Bxd5 Bxh2 45. Rxh2 Bf5+ 46.
Kb2 Rxd5 47. Nc3 Rd6 48. b4 1/2-1/2

[Event "Sparkassen Open A"]
[Site "Dortmund GER"]
[Date "2012.07.14"]
[Round "1.9"]
[White "Zatonskih, V."]
[Black "Schuelke, Tilman"]
[Result "1-0"]
[WhiteTitle "FM"]
[WhiteElo "2276"]
[BlackElo "2007"]
[WhiteFideId "14102161"]
[BlackFideId "4647475"]
[EventDate "2012.07.14"]

1. e4 d6 2. d4 Nf6 3. Nc3 g6 4. h4 Bg7 5. Be2 h5 6. Nf3 Bg4 7. Ng5 Bxe2 8. Qxe2
Nfd7 9. Be3 c5 10. dxc5 Nxc5 11. Bxc5 Bxc3+ 12. bxc3 dxc5 13. Qc4 Rf8 14. Qxc5
Nd7 15. Qd4 Qc7 16. O-O Qc5 17. Rfd1 O-O-O 18. Rab1 b6 19. a4 e5 20. Qd3 Nb8 21.
Qh3+ Kc7 22. Rxd8 Kxd8 23. Rb5 Qc7 24. Rd5+ Ke7 25. c4 Nd7 26. a5 Nc5 27. axb6
axb6 28. Qe3 Rh8 29. Nf3 f6 30. Nd2 Ne6 31. g3 Rb8 32. Qa3+ Ke8 33. Qa4+ Ke7 34.
Qb4+ Nc5 35. Nb3 Rc8 36. Nxc5 bxc5 37. Qd2 Ke6 38. Kg2 Qe7 39. Qe3 Qc7 40. f4
Qe7 41. Qf3 Rc7 42. f5+ Kf7 43. fxg6+ Kxg6 44. Qf2 Kh6 45. Qd2+ Kg7 46. Rd6 Qf7
47. Qd5 Qg6 48. Rd8 Kh7 49. Qa8 Qg7 50. Kf2 Ra7 51. Rh8+ Qxh8 52. Qxa7+ Kg6 53.
Qxc5 Qa8 54. Qe3 Qa1 55. c5 Qh1 56. Ke2 Qg2+ 57. Kd3 Qf1+ 58. Kd2 Qb5 59. Qb3
Qf1 60. c6 Qf2+ 61. Kd1 Qd4+ 62. Ke2 Qd6 1-0

[Event "Sparkassen Open A"]
[Site "Dortmund GER"]
[Date "2012.07.14"]
[Round "1.10"]
[White "Fenner, Martin"]
[Black "Webb, Laurence E"]
[Result "0-1"]
[BlackTitle "FM"]
[WhiteElo "2003"]
[BlackElo "2265"]
[WhiteFideId "24603589"]
[BlackFideId "402389"]
[EventDate "2012.07.14"]

1. e4 e6 2. d4 d5 3. Nc3 Bb4 4. e5 c5 5. Qg4 Ne7 6. dxc5 Nbc6 7. Nf3 Ng6 8. Be3
O-O 9. Bd4 f5 10. Qg3 f4 11. Qh3 Nxd4 12. Nxd4 Nxe5 13. Nb3 f3 14. O-O-O Bxc3
15. bxc3 Qg5+ 16. Rd2 Nc4 17. Bd3 g6 18. gxf3 Nxd2 19. Nxd2 e5 20. Qg3 Qxg3 21.
fxg3 Bf5 22. Bb5 Rac8 23. c4 a6 24. Ba4 dxc4 25. Nxc4 Rxc5 26. Bb3 Be6 27. Nd6
Bxb3 28. axb3 b5 29. Ne4 Rc6 30. Rf1 Rfc8 31. Rf2 Kg7 32. Rd2 R8c7 33. Kb2 h6
34. c3 g5 35. Rd5 Rf7 36. Nd2 e4 37. fxe4 Rf2 38. h4 gxh4 39. gxh4 Rg6 40. c4
bxc4 41. bxc4 Rg4 42. Kc3 Rxh4 43. c5 Rh1 44. Kb4 Rc1 45. Ka5 Rc2 46. Nb3 Rb2
47. Rd3 Rf8 48. c6 Rb8 49. Kxa6 R8xb3 50. Rxb3 Rxb3 51. c7 Rc3 52. Kb7 Kf6 0-1

[Event "Sparkassen Open A"]
[Site "Dortmund GER"]
[Date "2012.07.14"]
[Round "1.11"]
[White "Gindi, Shachar"]
[Black "Niekrens, Stefan"]
[Result "1-0"]
[WhiteElo "2245"]
[BlackElo "1996"]
[WhiteFideId "2804182"]
[BlackFideId "24635383"]
[EventDate "2012.07.14"]

1. c4 Nf6 2. g3 g6 3. Bg2 Bg7 4. Nc3 O-O 5. d4 c6 6. Nf3 d5 7. cxd5 cxd5 8. Ne5
Nc6 9. Nxc6 bxc6 10. O-O Bf5 11. Bf4 Nd7 12. Rc1 Qb6 13. Na4 Qxd4 14. Rxc6 Nb6
15. Nxb6 axb6 16. Qxd4 Bxd4 17. Bxd5 Rfd8 18. Bb3 Rd7 19. e3 Bxb2 20. Rxb6 Ba3
21. Rd1 Rxd1+ 22. Bxd1 Kg7 23. Bb3 Rc8 24. Kg2 Be4+ 25. f3 Bc2 26. Be5+ f6 27.
Be6 Rc5 28. Bd4 Rc7 29. Rb8 Bd3 30. Rb3 Rc2+ 31. Kg1 Rc1+ 32. Kf2 Rc2+ 33. Ke1
Be2 34. Rxa3 Bxf3 35. Ra7 Re2+ 36. Kf1 Rxh2 37. Rxe7+ Kh6 38. Bxf6 g5 39. Bf5
Rh1+ 40. Kf2 Rh2+ 41. Kxf3 g4+ 42. Ke4 Rxa2 43. Rxh7# 1-0

[Event "Sparkassen Open A"]
[Site "Dortmund GER"]
[Date "2012.07.14"]
[Round "1.13"]
[White "Wagner, Alexej"]
[Black "Cebulla, Konstantin"]
[Result "1/2-1/2"]
[WhiteElo "2216"]
[BlackElo "1977"]
[WhiteFideId "4129555"]
[BlackFideId "1272025"]
[EventDate "2012.07.14"]

1. d4 e6 2. c4 d5 3. Nc3 Be7 4. Nf3 Nf6 5. cxd5 exd5 6. Bg5 c6 7. Qc2 g6 8. e3
Bf5 9. Bd3 Bxd3 10. Qxd3 O-O 11. O-O Nbd7 12. h3 Nh5 13. Bxe7 Qxe7 14. b4 a6 15.
a4 Nb6 16. Nd2 Nf6 17. Rfe1 Rfe8 18. Rab1 Ne4 19. Ncxe4 dxe4 20. Qc2 Nd5 21. Qc5
a5 22. b5 Qxc5 23. dxc5 Nc3 24. bxc6 Nxb1 25. Rxb1 bxc6 26. Rb6 Reb8 27. Rxc6
Rc8 28. Rb6 Rxc5 29. Nxe4 Rc4 30. Nd6 Rxa4 31. Rb7 Rb4 32. Rc7 Rf8 33. Ra7 a4
34. Kh2 Kg7 35. f3 Kf6 36. Ne4+ Kg7 37. Nc5 Rc8 38. Rxa4 Rxa4 39. Nxa4 Kf6 40.
Nb6 Rd8 41. Nc4 h5 42. Kg3 Ra8 43. Nb6 Rd8 44. Nc4 Rb8 45. Nd6 Rb3 46. Nc4 h4+
47. Kf2 Rc3 48. Nd2 Ke5 49. Ke2 f5 50. f4+ Kd5 51. Nf3 Rc2+ 52. Nd2 Ra2 53. Kd3
Ke6 54. Ke2 Kf6 55. Ke1 g5 56. fxg5+ Kxg5 57. Nf3+ Kh5 58. Kf1 Ra4 59. Ke1 Kg6
60. Kf1 Kf6 61. Ke1 Ke6 62. Kf1 Kd5 63. Kg1 Re4 64. Kf2 Kc5 65. Nd2 Ra4 66. Nf3
Kd5 67. Kg1 Ke4 68. Nxh4 Ra2 69. Kf1 Ra3 70. Kf2 Ra2+ 71. Kf1 Rb2 72. Ke1 Rb8
73. Ke2 Rg8 74. Kf2 1/2-1/2

[Event "Sparkassen Open A"]
[Site "Dortmund GER"]
[Date "2012.07.14"]
[Round "1.15"]
[White "Kozlov, Alexander GER"]
[Black "Reisberg, Andre"]
[Result "1-0"]
[WhiteElo "2204"]
[BlackElo "1965"]
[WhiteFideId "4652908"]
[BlackFideId "1270630"]
[EventDate "2012.07.14"]

1. d4 d5 2. Nf3 Nf6 3. c4 e6 4. g3 c6 5. Bg2 dxc4 6. Ne5 Bb4+ 7. Nc3 Nd5 8. Bd2
Nb6 9. a3 Be7 10. Bf4 O-O 11. O-O f6 12. Nf3 Bd7 13. e4 Be8 14. Qe2 Na6 15. Rfd1
g5 16. Be3 Bh5 17. Bh3 f5 18. g4 Bxg4 19. Bxg4 fxg4 20. Ne5 h5 21. h3 Bd6 22.
hxg4 Qf6 23. gxh5 Bxe5 24. dxe5 Qxe5 25. Qg4 Rf7 26. Bd4 Rf4 27. Qg3 Qa5 28. Nd5
Nxd5 29. Qxg5+ Kf7 30. Qg6+ Ke7 31. exd5 Qxd5 32. Be3 Rf6 33. Bg5 Qf5 34. Bxf6+
Qxf6 35. Rd7+ 1-0

[Event "Sparkassen Open A"]
[Site "Dortmund GER"]
[Date "2012.07.14"]
[Round "1.16"]
[White "Simon, Thomas"]
[Black "Braeuer, Karl-Heinz"]
[Result "0-1"]
[WhiteElo "1950"]
[BlackElo "2202"]
[WhiteFideId "24645990"]
[BlackFideId "4677218"]
[EventDate "2012.07.14"]

1. Nf3 c5 2. c4 Nf6 3. Nc3 a6 4. d4 cxd4 5. Nxd4 Nc6 6. g3 g6 7. Bg2 Bg7 8. O-O
O-O 9. Nc2 d6 10. Ne3 e6 11. Nc2 Qc7 12. Bf4 e5 13. Bg5 Be6 14. Bxf6 Bxf6 15.
Ne3 Be7 16. Ned5 Qd8 17. Qd2 Re8 18. Rfd1 Bf8 19. Ne4 Bxd5 20. Qxd5 Nd4 21. Rd2
Kg7 22. e3 Nf5 23. Qxb7 Rb8 24. Qxa6 Rb6 25. Qa4 Qb8 26. Qc2 Rc8 27. b3 Ne7 28.
Nc3 f5 29. Nd5 Nxd5 30. Bxd5 Be7 31. g4 fxg4 32. Be6 Rf8 33. Bxg4 Ra6 34. Qe4
Qb4 35. Qd5 Rfa8 36. Bf3 R8a7 37. Kg2 Ra3 38. Rad1 Rxa2 39. Rxa2 Rxa2 40. Qb7
Qxb7 41. Bxb7 Rb2 42. Bd5 Bh4 43. Rf1 Bd8 44. e4 Bb6 45. h3 Bc5 46. Ra1 Rxf2+
47. Kg3 Rb2 48. Rf1 Rxb3+ 49. Kg2 h5 50. Rf7+ Kh6 51. h4 Rb2+ 52. Kh3 Be3 53.
Rf6 Bf4 54. Rxf4 exf4 55. e5 dxe5 56. c5 Rc2 57. c6 Kg7 58. Be4 Rc3+ 59. Kg2 Kf6
60. c7 Rxc7 61. Bc2 Rxc2+ 62. Kh3 Rc3+ 0-1

[Event "Sparkassen Open A"]
[Site "Dortmund GER"]
[Date "2012.07.14"]
[Round "1.17"]
[White "Kartsev, Soel"]
[Black "Henkemeier, Markus"]
[Result "1/2-1/2"]
[WhiteElo "2198"]
[BlackElo "1950"]
[WhiteFideId "4130561"]
[BlackFideId "1271859"]
[EventDate "2012.07.14"]

1. e4 c6 2. d4 d5 3. Nc3 dxe4 4. Nxe4 Bf5 5. Ng3 Bg6 6. h4 h6 7. h5 Bh7 8. Nf3
Nd7 9. Bd3 Bxd3 10. Qxd3 e6 11. Bf4 Qa5+ 12. Bd2 Bb4 13. c3 Be7 14. O-O-O Qxa2
15. Ne4 Ngf6 16. Nxf6+ Bxf6 17. Bf4 O-O 18. g4 c5 19. g5 cxd4 20. gxf6 dxc3 21.
Qb1 cxb2+ 22. Kd2 Qb3 23. Nd4 Qb4+ 24. Ke2 e5 25. Rhg1 Nxf6 26. Bxe5 Rfe8 27. f4
Rxe5+ 28. fxe5 Nd5 29. Rxg7+ Kxg7 30. Nf5+ Kf8 31. Rxd5 Qc4+ 32. Rd3 Rd8 33. Nd6
Qg4+ 34. Rf3 Qg2+ 35. Rf2 Qg4+ 36. Rf3 Qg2+ 37. Rf2 Qg4+ 38. Rf3 Qg2+ 1/2-1/2

[Event "Sparkassen Open A"]
[Site "Dortmund GER"]
[Date "2012.07.14"]
[Round "1.18"]
[White "Zolfagharian, Kevin"]
[Black "Rueberg, Jobst"]
[Result "1/2-1/2"]
[BlackTitle "FM"]
[WhiteElo "1948"]
[BlackElo "2178"]
[WhiteFideId "12933570"]
[BlackFideId "4677501"]
[EventDate "2012.07.14"]

1. e4 c5 2. Nf3 e6 3. b3 Nf6 4. e5 Nd5 5. Nc3 Nxc3 6. dxc3 Nc6 7. Bd3 Qc7 8. Qe2
d6 9. exd6 Bxd6 10. Bb2 Bd7 11. O-O-O O-O-O 12. Kb1 Ne5 13. Ng5 Be7 14. Bc1 Nxd3
15. Rxd3 Bxg5 16. Bxg5 f6 17. Be3 b6 18. Rhd1 Bc6 19. Rxd8+ Rxd8 20. Rxd8+ Qxd8
21. Qg4 Qd7 22. g3 Kb7 23. Kc1 g6 24. Qd1 Qe7 25. h4 e5 26. Qd3 e4 27. Qd2 Qd7
28. Qxd7+ Bxd7 29. Kd2 Kc6 30. c4 a6 31. a4 b5 32. cxb5+ axb5 33. a5 Bc8 34. c3
Kd5 35. b4 cxb4 1/2-1/2

[Event "Sparkassen Open A"]
[Site "Dortmund GER"]
[Date "2012.07.14"]
[Round "1.19"]
[White "Mundorf, Johannes"]
[Black "Bausch, Thomas"]
[Result "1-0"]
[WhiteElo "2174"]
[BlackElo "1947"]
[WhiteFideId "24672491"]
[BlackFideId "24611115"]
[EventDate "2012.07.14"]

1. Nf3 e6 2. g3 d5 3. Bg2 Nf6 4. O-O b5 5. a4 b4 6. c4 bxc3 7. bxc3 Nbd7 8. c4
c6 9. Qc2 Ba6 10. d3 Bd6 11. Nbd2 O-O 12. Bb2 Rc8 13. Nd4 e5 14. Nf5 Bc5 15. Nb3
g6 16. Nxc5 Nxc5 17. Ba3 gxf5 18. Bxc5 Re8 19. Bxa7 c5 20. a5 d4 21. Qd2 Nd7 22.
Rfb1 Re6 23. Bd5 Rg6 24. Rb6 Qc7 25. Rxg6+ hxg6 26. Bb6 Nxb6 27. axb6 Qxb6 28.
Qa5 Rb8 29. Qxa6 Qxa6 30. Rxa6 Rb2 31. Rxg6+ Kh7 32. Rf6 Rxe2 33. Rxf5 Kg6 34.
g4 f6 35. Be4 1-0

[Event "Sparkassen Open A"]
[Site "Dortmund GER"]
[Date "2012.07.14"]
[Round "1.20"]
[White "Boldt, Manfred"]
[Black "Schmuecker, Marcus"]
[Result "0-1"]
[WhiteElo "1946"]
[BlackElo "2173"]
[WhiteFideId "24655970"]
[BlackFideId "4658892"]
[EventDate "2012.07.14"]

1. e4 e6 2. Nf3 d5 3. exd5 exd5 4. d4 Bd6 5. Bd3 Nc6 6. c3 Bg4 7. Be3 Nge7 8. h3
Bf5 9. O-O Qd7 10. Qc2 h6 11. Bxf5 Nxf5 12. Re1 O-O-O 13. b4 Rde8 14. b5 Nd8 15.
Nbd2 Nxe3 16. fxe3 Bg3 17. Re2 Re7 18. Nf1 Bd6 19. a4 g5 20. N1h2 h5 21. e4 Rhe8
22. Rae1 dxe4 23. Rxe4 Qf5 24. Nd2 Bf4 25. Nhf3 g4 26. hxg4 hxg4 27. Ne5 Rh8 28.
Nxg4 Rxe4 29. Qxe4 Qxg4 30. Nf3 Rg8 31. Re2 Bd6 32. Qd3 Ne6 33. d5 Bc5+ 34. Nd4
Nxd4 0-1

[Event "Sparkassen Open A"]
[Site "Dortmund GER"]
[Date "2012.07.14"]
[Round "1.21"]
[White "Heinert, Eugen"]
[Black "Butschek, Marc"]
[Result "0-1"]
[WhiteElo "2172"]
[BlackElo "1943"]
[WhiteFideId "24621390"]
[BlackFideId "4630904"]
[EventDate "2012.07.14"]

1. d4 f5 2. Nf3 Nf6 3. g3 g6 4. Bg2 Bg7 5. O-O d6 6. c4 O-O 7. Nc3 Nc6 8. b3 e5
9. dxe5 dxe5 10. Ba3 Re8 11. Nb5 Bd7 12. Bb2 a6 13. Na3 e4 14. Ng5 Ne5 15. f4
Neg4 16. Nc2 h6 17. h3 hxg5 18. fxg5 Ne5 19. gxf6 Qxf6 20. Bxe4 Rad8 21. Bd5+
Be6 22. e4 Qg5 23. Qe1 Bxd5 24. Bc1 Qh5 25. cxd5 Nf3+ 26. Rxf3 Qxf3 0-1

[Event "Sparkassen Open A"]
[Site "Dortmund GER"]
[Date "2012.07.14"]
[Round "1.22"]
[White "Schaller, Fabian"]
[Black "Sundorf, Jannik"]
[Result "0-1"]
[WhiteElo "1939"]
[BlackElo "2170"]
[WhiteFideId "12910422"]
[BlackFideId "12905380"]
[EventDate "2012.07.14"]

1. e4 c5 2. Nf3 g6 3. d4 cxd4 4. Nxd4 Nf6 5. Nc3 d6 6. Be3 Bg7 7. Bc4 Nc6 8. Bb3
Ng4 9. Nxc6 bxc6 10. Ba4 Nxe3 11. Bxc6+ Bd7 12. Bxd7+ Qxd7 13. fxe3 Rb8 14. Rb1
Rxb2 15. Nd5 Rxb1 16. Qxb1 O-O 17. O-O e6 18. Nf4 Qc6 19. c4 Qxc4 20. Rc1 Qa6
21. Qd3 Qxa2 22. Qxd6 a5 23. Qd3 a4 24. Rc2 Qb1+ 25. Kf2 a3 26. Qd2 Bb2 27. Nd3
Rd8 28. Qe2 a2 29. Rxb2 a1=Q 30. Rxb1 Qxb1 31. Nf4 Qxe4 32. Qf3 Rd2+ 33. Kg3
Qxf3+ 34. Kxf3 e5 35. Nh3 f5 36. Ng1 Kg7 37. Ne2 Kf6 38. Kf2 g5 39. h3 h5 40.
Ke1 Rxe2+ 41. Kxe2 e4 42. g3 f4 43. gxf4 gxf4 44. exf4 Kf5 45. Ke3 h4 46. Ke2
Kxf4 47. Kf2 e3+ 48. Ke2 Ke4 49. Ke1 Kf3 50. Kf1 Kg3 51. Ke2 Kxh3 0-1

[Event "Sparkassen Open A"]
[Site "Dortmund GER"]
[Date "2012.07.14"]
[Round "1.23"]
[White "Chilla, Jan Eric"]
[Black "Geyler, Stefan"]
[Result "1-0"]
[WhiteElo "2158"]
[BlackElo "1935"]
[WhiteFideId "24650900"]
[BlackFideId "24605638"]
[EventDate "2012.07.14"]

1. Nf3 Nf6 2. g3 g6 3. b3 Bg7 4. Bb2 O-O 5. Bg2 d6 6. d4 Nbd7 7. O-O Re8 8. c4
e5 9. dxe5 Ng4 10. Qd2 Ngxe5 11. Nc3 Nc5 12. Rad1 Rb8 13. Nxe5 Bxe5 14. f4 Bg7
15. e4 Bg4 16. Rde1 b6 17. h3 Bc8 18. Nd5 Bb7 19. Bxg7 Kxg7 20. Qc3+ f6 21. e5
Bxd5 22. Bxd5 Rf8 23. exf6+ 1-0

[Event "Sparkassen Open A"]
[Site "Dortmund GER"]
[Date "2012.07.14"]
[Round "1.24"]
[White "Sieberg, Rolf"]
[Black "Sievert, Jan-Thorwald"]
[Result "0-1"]
[WhiteElo "1931"]
[BlackElo "2149"]
[WhiteFideId "4661257"]
[BlackFideId "12940909"]
[EventDate "2012.07.14"]

1. e4 c5 2. c3 b6 3. d4 Bb7 4. Bd3 Nf6 5. Nd2 cxd4 6. cxd4 Nc6 7. Ngf3 e6 8. b3
Nb4 9. Qe2 Nxd3+ 10. Qxd3 a5 11. O-O Ba6 12. Nc4 d5 13. exd5 Nxd5 14. Re1 Be7
15. Bd2 O-O 16. Rac1 h6 17. Qe4 Bb4 18. Bxb4 axb4 19. a4 bxa3 20. Nxa3 Qd6 21.
Nc4 Qb4 22. Qc2 Rac8 23. Qa2 Ra8 24. Qb1 Rfc8 25. Nfe5 Bb7 26. Nd3 Qe7 27. Ne3
Qg5 28. Rxc8+ Rxc8 29. Nxd5 Qxd5 30. Nf4 Qxd4 31. g3 e5 32. Ng2 Qd5 33. f3 Qxf3
34. Qb2 Rc3 35. Rxe5 Rc1+ 36. Re1 Qxg2+ 37. Qxg2 Rxe1+ 38. Qf1 0-1

[Event "Sparkassen Open A"]
[Site "Dortmund GER"]
[Date "2012.07.14"]
[Round "1.25"]
[White "Thomas, Ingo"]
[Black "Henkemeier, Michael"]
[Result "0-1"]
[WhiteElo "2143"]
[BlackElo "1898"]
[WhiteFideId "4643828"]
[BlackFideId "24611379"]
[EventDate "2012.07.14"]

1. Nf3 Nf6 2. c4 d6 3. d4 g6 4. g3 Bg7 5. Bg2 O-O 6. Nc3 Nbd7 7. O-O e5 8. e4
exd4 9. Nxd4 Nc5 10. h3 Re8 11. Re1 Bd7 12. b3 a5 13. Rb1 a4 14. b4 Ne6 15. Ndb5
Bxb5 16. Nxb5 Nd7 17. Be3 Ne5 18. Rc1 Qd7 19. Qc2 Nc6 20. Qd2 Ne5 21. Na3 c5 22.
b5 Qe7 23. Red1 Nd4 24. Bxd4 cxd4 25. f4 Nd7 26. Nc2 Nc5 27. Re1 Qf6 28. Nb4 d3
29. e5 dxe5 30. Nd5 Qd6 31. Kh1 e4 32. g4 f5 33. b6 Rad8 34. Ne3 Qd7 35. Rg1 Kh8
36. gxf5 gxf5 37. h4 Rf8 38. Bh3 Bd4 39. Rg5 Bxe3 40. Qxe3 Qd4 41. Qg3 d2 42.
Rd1 e3 0-1